| 000 | 00961nac a22002531u 4500 | ||
|---|---|---|---|
| 020 | _a9781412918947 (hbk.) : | ||
| 020 | _a1412918944 (hbk.) : | ||
| 020 | _a9781412918954 (pbk.) : | ||
| 020 | _a1412918952 (pbk.) : | ||
| 020 | _a9781412918954 | ||
| 082 |
_a306.071 22 _bWAL |
||
| 090 |
_c8341 _d8341 |
||
| 100 | _aWalton, David | ||
| 245 |
_aIntroducing cultural studies : learning through practice / _blearning through practice / _cDavid Walton. |
||
| 260 |
_aLondon : _bSAGE, 2008. _cc2008. |
||
| 300 |
_ax, 323 p. : _bill. ; _c24 cm. |
||
| 500 | _aDistributer: Al-Ahram | ||
| 504 | _aIncludes bibliographical references and index. | ||
| 511 | _a Catalogued by: Sara | ||
| 650 | _aCulture -- Study and teaching. | ||
| 942 |
_cBB _k306.071 22 WAL |
||
| 999 |
_c8341 _d8341 |
||